<?xml version="1.0" encoding="UTF-8"?>
<marc:record xmlns:marc="http://www.loc.gov/MARC21/slim">
   <marc:leader>00000nam a2200000 a 4500</marc:leader>
   <marc:datafield ind1="1" ind2=" " tag="100">
      <marc:subfield code="a">Rettich, Siegfried</marc:subfield>
   </marc:datafield>
   <marc:datafield ind1=" " ind2=" " tag="653">
      <marc:subfield code="a">Energiepolitik</marc:subfield>
   </marc:datafield>
   <marc:datafield ind1=" " ind2=" " tag="653">
      <marc:subfield code="a">Kommune</marc:subfield>
   </marc:datafield>
   <marc:datafield ind1=" " ind2=" " tag="653">
      <marc:subfield code="a">Umweltschutz</marc:subfield>
   </marc:datafield>
   <marc:datafield ind1=" " ind2=" " tag="653">
      <marc:subfield code="a">Gemeinde</marc:subfield>
   </marc:datafield>
   <marc:datafield ind1=" " ind2=" " tag="653">
      <marc:subfield code="a">Energiesparen</marc:subfield>
   </marc:datafield>
   <marc:datafield ind1="0" ind2="0" tag="245">
      <marc:subfield code="a">Kommunale Energieversorgungskonzepte</marc:subfield>
   </marc:datafield>
   <marc:datafield ind1="0" ind2="0" tag="245">
      <marc:subfield code="b">Möglichkeiten und Grenzen</marc:subfield>
   </marc:datafield>
   <marc:datafield ind1="0" ind2="0" tag="245">
      <marc:subfield code="c">Rettich, Siegfried [Mitarb.]</marc:subfield>
   </marc:datafield>
   <marc:datafield ind1=" " ind2="1" tag="264">
      <marc:subfield code="a">Ehningen b. Böblingen</marc:subfield>
      <marc:subfield code="b">expert-Verl.</marc:subfield>
      <marc:subfield code="c">1992</marc:subfield>
   </marc:datafield>
   <marc:datafield ind1="1" ind2=" " tag="520">
      <marc:subfield code="a">PZ 2/92*183 Das vorliegende Buch bietet daher in vielen kurzen und prägnanten Kapiteln einen Überblick über die Möglichkeiten einer optimalen Energienutzung bei möglichst geringer Umweltverschmutzung. Aufbauend auf einer Bestandsaufnahme von Verbrauchsstruktur und Schadstoffanfall soll ein kommunales Energieversorgungskonzept über einen Zeitraum von etwa 20 Jahren klare Richtlinien für die deutliche Senkung des Primärenergieverbrauchs liefern. Ein Katalog von Empfehlungen soll den kommunalen Entscheidungsträgern aufzeigen, welche technischen, organisatorischen und politischen Instrumente wann, in welcher Reihenfolge und in welchem zeitlichen Ablauf angewandt werden sollen. Gerade auf dem Gebiet der rationellen Energieverwendung auf dem Wärmesektor stellen die Autoren einen hohen Lernbedarf bei Architekten und Fachingenieuren fest. Mit dem "Nutzwärmekonzept" wird ein kombiniertes Versorgungs-Service" vorgestellt, das bei gleichem Nutzwärmeangebot Energie durch Kapital ersetzt. Stehen etwa in einem Wohnobjekt Investitionen für ein verbessertes Heizsystem an, so übernimmt das Energieversorgungsunternehmen neben der üblichen Primärenergielieferung auch die Erneuerung und Wartung der Heizanlage. Der Mieter zahl nur die von ihm bezogene Wärme.</marc:subfield>
   </marc:datafield>
   <marc:datafield ind1="0" ind2=" " tag="490">
      <marc:subfield code="v">0</marc:subfield>
   </marc:datafield>
   <marc:datafield ind1=" " ind2=" " tag="300">
      <marc:subfield code="a">130 S.</marc:subfield>
   </marc:datafield>
</marc:record>
